Find the African Countries Without 'Y' Quiz Stats

 Plays Quiz not verified by Sporcle

Score 0/50 Timer 04:00
0 Plays Today
% Correct
Algeria
98.2%
Morocco
97.7%
Sudan
97.3%
Tunisia
96.8%
Chad
95.9%
Mali
95.9%
Niger
95.9%
Somalia
95.5%
Democratic Republic of the Congo
95.5%
South Africa
95.5%
Ethiopia
95%
Nigeria
95%
Madagascar
95%
Lesotho
95%
Mozambique
95%
Tanzania
94.6%
South Sudan
94.6%
Cameroon
94.6%
Uganda
94.6%
Central African Republic
94.6%
Republic of the Congo
94.6%
Angola
94.6%
Namibia
94.6%
Zambia
94.6%
Botswana
94.6%
% Correct
Eritrea
94.1%
Senegal
94.1%
Mauritania
94.1%
Gabon
94.1%
Swaziland
94.1%
Rwanda
94.1%
Burkina Faso
93.7%
Ghana
93.7%
Togo
93.7%
Benin
93.7%
Liberia
93.7%
Guinea
93.7%
Burundi
93.7%
Zimbabwe
93.7%
Sierra Leone
93.2%
Comoros
93.2%
Malawi
93.2%
Djibouti
92.8%
Guinea-Bissau
92.8%
Equatorial Guinea
92.8%
Côte d'Ivoire
92.3%
Mauritius
92.3%
The Gambia
91.9%
Cabo Verde
90.5%
São Tomé and Príncipe
88.2%

You're not logged in!

Compare scores with friends on all Sporcle quizzes.
OR
Log In

Sporcle TV

Today on Sporcle TV


Watch our educational content, quiz creation guides, and fun videos on Sporcle TV.

Show Comments

Extras

Top Quizzes Today


Score Distribution

Your Account Isn't Verified!

In order to create a playlist on Sporcle, you need to verify the email address you used during registration. Go to your Sporcle Settings to finish the process.

Report this User

Report this user for behavior that violates our Community Guidelines.

Details: